000 00423nam a2200157Ia 4500
008 180420s9999 xx 000 0 und d
040 _aPK-NaQUE
100 _a14CE07
100 _aMutahar Ali Amur
245 0 _aEffects of Inclusion of Jute Fiber in the Structural Properties of unbaked Clay
260 _aNawabshah
260 _bQUEST
260 _c2014
300 _a48
700 _aDepartment Of Civil Engineering
999 _c58455
_d58452